| 000 | 00733nas a2200229 4500 | ||
|---|---|---|---|
| 001 | BR0806620 | ||
| 003 | BR-BrBNA | ||
| 005 | 20231205112148.0 | ||
| 007 | ta | ||
| 008 | 230509b bl.|||p| |||| 00| 00por d | ||
| 040 |
_aBR-BrBNA _bpor _cBiblioteca Nacional de Agricultura |
||
| 041 | _a(En) | ||
| 072 | _aL20; L02 | ||
| 100 | 1 | _aFowler, H.G. | |
| 245 | 1 | _aRecruitment to food resources in Solenopsis saevissima (Hymenoptera: Formicidae): ecological context and long and short term intensity | |
| 650 | _aFORMIGA | ||
| 650 | _aCOMPORTAMENTO ANIMAL | ||
| 650 | _aDIETA | ||
| 773 | 0 |
_tNaturalia (Brazil) _xISSN 0001-1944 _g(1994), v. 19 p. 103-108 _wBR0806620 |
|
| 909 |
_a202311 _bLúcia _c55 _dLúcia Elande |
||
| 942 |
_2AGRIS _n0 _cANA |
||
| 999 |
_c196442 _d196442 |
||